000 00452nam a2200181Ia 4500
003 GCL
008 140319s9999 xx 000 0 eng d
040 _aGCL /
_cGCL
082 0 4 _a821.07
_bS S
100 1 _aSPURR, BARRY
245 1 0 _aSTUDYING POETRY /
_cSPURR, BARRY
260 _a[S.N] :
_bMACMILIAN ،
_c1997
300 _a315 P
650 0 4 _aENGLISH POETRY
650 0 4 _aLITERATURE
650 0 4 _aPOETRY - STUDY AND TEACHING
942 _2ddc
_cBK
999 _c15740
_d15740